Colección de documentos y testos (sic) sobre bandolerismo y secuestros que la Junta de Agricultura, Industria y Comercio de la provincia de Málaga dispone publicar en apoyo de la proposición de ley presentada y sostenida en sesión del Congreso de 24 de Junio del corriente año por el Diputado de esta ciudad D. Manuel Casado y Sánchez de Castilla. (Registro nro. 41405)

Detalles MARC
000 -LEADER
campo de control de longitud fija 01057nam a2200229 i 4500
001 - NÚMERO DE CONTROL
campo de control 41405
003 - IDENTIFICADOR DE NÚMERO DE CONTROL
campo de control ES-MaACL
005 - FECHA Y HORA DE LA ÚLTIMA TRANSACCIÓN
campo de control 20250901230102.0
007 - CAMPO FIJO DE DESCRIPCIÓN FÍSICA--INFORMACIÓN GENERAL
campo de control de longitud fija t|
008 - DATOS DE LONGITUD FIJA--INFORMACIÓN GENERAL
campo de control de longitud fija 030310s1876 sp ||||1| spa d
080 ## - NÚMERO DE LA CLASIFICACIÓN DECIMAL UNIVERSAL
Número de la Clasificación Decimal Universal 343.712.1(460)"18"
080 ## - NÚMERO DE LA CLASIFICACIÓN DECIMAL UNIVERSAL
Número de la Clasificación Decimal Universal 343.712.3(460)"18"
245 00 - MENCIÓN DEL TÍTULO
Título Colección de documentos y testos (sic) sobre bandolerismo y secuestros que la Junta de Agricultura, Industria y Comercio de la provincia de Málaga dispone publicar en apoyo de la proposición de ley presentada y sostenida en sesión del Congreso de 24 de Junio del corriente año por el Diputado de esta ciudad D. Manuel Casado y Sánchez de Castilla.
260 ## - PUBLICACIÓN, DISTRIBUCIÓN, ETC.
Lugar de publicación, distribución, etc. Málaga :
Nombre del editor, distribuidor, etc. Viuda de Gil de Montes,
Fecha de publicación, distribución, etc. 1876.
300 ## - DESCRIPCIÓN FÍSICA
Extensión 46 p. ;
Dimensiones 21 cm.
650 #4 - PUNTO DE ACCESO ADICIONAL DE MATERIA--TÉRMINO DE MATERIA
Término de materia o nombre geográfico como elemento de entrada Bandolerismo-
Subdivisión geográfica España.
9 (RLIN) 148254
650 #4 - PUNTO DE ACCESO ADICIONAL DE MATERIA--TÉRMINO DE MATERIA
Término de materia o nombre geográfico como elemento de entrada Secuestro-
Subdivisión geográfica España.
9 (RLIN) 148255
700 0# - ENTRADA AGREGADA--NOMBRE PERSONAL
Nombre de persona Casado y Sánchez de Castilla, Manuel.
9 (RLIN) 36030
710 2# - ENTRADA AGREGADA--NOMBRE DE ENTIDAD CORPORATIVA
Nombre de entidad corporativa o nombre de jurisdicción como elemento de entrada Junta de Agricultura, Industria y Comercio (Málaga)
9 (RLIN) 148256
852 ## - LOCALIZACIÓN
Ubicación ES-MaACL
Número de control de estantería L-4906 (13-3)
Existencias
Estatus retirado Estado de pérdida Estado de daño No para préstamo Colección Biblioteca de origen Biblioteca actual Ubicación en estantería Fecha de adquisición Fuente de adquisición Total de préstamos Signatura topográfica completa Código de barras Visto por última vez Precio de reemplazo Tipo de ítem Koha
        Libros del s. XIX Biblioteca del Ateneo de Madrid Biblioteca del Ateneo de Madrid Depósito 2 17/01/2008     L-4906 (13-3) 1043589 23/02/2023 23/02/2023 Libro impreso antiguo